000 00364 a2200121 4500
001 ART_11546
005 20260410161858.0
008 260409a
245 1 0 _aTaxes, family grants and redistribution
100 1 _aBruno, Michael
700 1 _aHabib, Jack
773 0 _tJournal of public economics
_g- Vol. 5, NÂș 1/2 (ene./feb. 1976)
_wREV11485
999 _c25627
_d25627